|
|
|
|
| LEADER |
00000nam0a2200000 4500 |
| 001 |
22413 |
| 005 |
20231030194721.0 |
| 010 |
|
|
|a 5020314285
|
| 035 |
|
|
|a (RuTPU)RU\TPU\book\22626
|
| 035 |
|
|
|a BOOK00000389
|
| 090 |
|
|
|a 22413
|
| 100 |
|
|
|a 20011209d1999 k y0rusy50 ca
|
| 101 |
0 |
|
|a rus
|
| 102 |
|
|
|a RU
|
| 105 |
|
|
|a y z 001zy
|
| 200 |
1 |
|
|a Изменение геологической среды в зонах влияния Ангаро-Енисейских водохранилищ
|f Г. И. Овчинников, С. Х. Павлов, Ю. Б. Тржцинский
|
| 210 |
|
|
|a Новосибирск
|c Наука
|d 1999
|
| 215 |
|
|
|a 254 с.
|
| 610 |
1 |
|
|a гидрогеология
|
| 610 |
1 |
|
|a водохранилища
|
| 610 |
1 |
|
|a геологическая среда
|
| 610 |
1 |
|
|a изменения
|
| 610 |
1 |
|
|a Ангаро-Енисейское водохранилище
|
| 610 |
1 |
|
|a экзогенные процессы
|
| 610 |
1 |
|
|a абразия
|
| 610 |
1 |
|
|a динамика
|
| 610 |
1 |
|
|a классификация
|
| 610 |
1 |
|
|a геоэкология
|
| 610 |
1 |
|
|a природа
|
| 610 |
1 |
|
|a охрана
|
| 675 |
|
|
|a 556.552
|v 3
|
| 700 |
|
1 |
|a Овчинников
|b Г. И.
|g Геннадий Иннокентьевич
|
| 701 |
|
1 |
|a Павлов
|b С. Х.
|g Сергей Харитонович
|
| 701 |
|
1 |
|a Тржцинский
|b Ю. Б.
|g Юрий Болеславович
|
| 801 |
|
0 |
|a RU
|b 63413507
|c 20011209
|g PSBO
|
| 801 |
|
2 |
|a RU
|b 63413507
|c 20171018
|g PSBO
|
| 942 |
|
|
|c BK
|